000 00712nam a22002417a 4500
005 20170124110209.0
010 _aA-853599
020 _c00.00
035 _aA-853599
037 _bCen Lib/Ret
040 _aDPL
_bEN
082 _a005.43
_bSHE
100 _aSheldon, Tom
_92827
245 _aWindows 3.1 made easy /
_cby Tom Sheldon
260 _aNew Delhi
_bTata McGraw Hill Publishing
_c1992
270 _a4/12, Asaf Ali Road
_bNew Delhi
_e110002
300 _axxiii,502p. :
_c23cm(Hb)
_bill.
500 _aIncludes index
650 _aWindows (Computer programs)
_937060
650 _aMicrosoft Windows (Computer file)
_937875
700 _937801
942 _2ddc
_cEN
_h005.43
_mSHE
999 _c133408
_d133408